Centroamérica: los saldos de la globalización neoliberal
Gorde:
| Egile nagusia: | |
|---|---|
| Formatua: | Liburua |
| Hizkuntza: | Spanish |
| Etiketak: |
Etiketa erantsi
Etiketarik gabe, Izan zaitez lehena erregistro honi etiketa jartzen!
|
MARC
| LEADER | 00000nam a22000007a 4500 | ||
|---|---|---|---|
| 003 | cru CIDCACS/IIS | ||
| 005 | 20170515133252.0 | ||
| 008 | 170515b2011 MX ||||| |||| 00| 0 spa d | ||
| 040 | |c cru CIDCACS/IIS | ||
| 090 | |a 04.03.01 C146a | ||
| 100 | 1 | |9 4744 |a Páez Montalbán, Rodrigo | |
| 245 | |a Centroamérica: |b los saldos de la globalización neoliberal |c Rodrigo Paéz Montalbán | ||
| 300 | |a páginas 119-147 | ||
| 942 | |2 ddc |c LI | ||
| 773 | 0 | |0 19013 |9 376 |a Calderón Rodríguez, José María |b 1. era edición |d México, D.F. UNAM 2011 |o 17948 |t América Latina. | |
| 999 | |c 19316 |d 19316 | ||
